Statistiche per Un evento al mese - 2018

Clicka qui per fare il quiz!

Statistiche generali

  • Questo quiz è stato fatto 18 volte
  • Il punteggio medio è 6 su 12

Statistiche sulle risposte

MeseDomandaRisposta% Corretto
AgostoQuale studentessa svedese iniziò il suo sciopero scolastico per attirare l'attenzione sui cambiamenti climatici?Greta Thunberg
81%
MarzoQuale partito politico prese il maggior numero di voti alle Elezioni politiche in Italia del 4 marzo?Movimento 5 Stelle
81%
AprileQuale stato cambiò il proprio nome dall'inglese Swaziland?eSwatini
75%
NovembreIn quale paese si scatenò il Movimento dei gilet gialli, iniziando una serie di proteste contro il governo?Francia
75%
GennaioQuale ex calciatore del Milan divenne presidente della Liberia?George Weah
75%
DicembreQuale paese spostò la propria capitale da Bujumbura a Gitega?Burundi
38%
FebbraioIn quale nazione si svolsero i Giochi Olimpici invernali?Corea del Sud
38%
MaggioQuale organizzazione terroristica spagnolo cessò di esistere dopo 40 anni di conflitto armato e 800 morti?ETA
38%
OttobreChi venne eletto presidente del Brasile?Jair Bolsonaro
38%
LuglioQuale azienda pubblica divenne la prima a superare una capitalizzazione di mercato di mille miliardi di dollari?Apple
13%
SettembreQuale paese è colpito da una forte scossa di terremoto di magnitudo 7,5 causando 4 340 vittime?Indonesia
13%
GiugnoDove si tenne il summit tra il presidente degli Stati Uniti Donald Trump e l'omologo nordcoreano Kim Jong Un?Singapore
0%

Distribuzione punteggi

Percentile per numero di risposta

Percentuale di utenti per punteggio

I tuoi punteggi nel tempo

Non hai fatto questo quiz